UBT Library

Biomechanical basis of human movement / (Record no. 39847)

000 -LEADER
fixed length control field 00800cam a2200265 a 4500
001 - CONTROL NUMBER
control field 14913194
005 - DATE AND TIME OF LATEST TRANSACTION
control field 20180109035541.0
008 - FIXED-LENGTH DATA ELEMENTS--GENERAL INFORMATION
fixed length control field 070629s2009 paua b 001 0 eng
010 ## - LIBRARY OF CONGRESS CONTROL NUMBER
LC control number 2007027343
020 ## - INTERNATIONAL STANDARD BOOK NUMBER
International Standard Book Number 9780781791281
020 ## - INTERNATIONAL STANDARD BOOK NUMBER
International Standard Book Number 0781791286
035 ## - SYSTEM CONTROL NUMBER
System control number (DNLM)101310689
040 ## - CATALOGING SOURCE
Original cataloging agency DNLM/DLC
Transcribing agency DLC
Modifying agency DLC
041 ## - LANGUAGE CODE
Language code of text/sound track or separate title eng
060 10 - NATIONAL LIBRARY OF MEDICINE CALL NUMBER
Classification number WE 103
Item number H217b 2009
080 ## - UNIVERSAL DECIMAL CLASSIFICATION NUMBER
Universal Decimal Classification number 612.76
082 00 - DEWEY DECIMAL CLASSIFICATION NUMBER
Classification number 612.76 HAM
Edition number 22
100 1# - Rafti
Rafti 6
101 ## - Shkurtesa
Shkurtesa ANA
245 10 - TITLE STATEMENT
Title Biomechanical basis of human movement /
Statement of responsibility, etc Joseph Hamill, Kathleen M. Knutzen.
504 ## - BIBLIOGRAPHY, ETC. NOTE
Bibliography, etc Includes bibliographical references and index.
906 ## - LOCAL DATA ELEMENT F, LDF (RLIN)
a 7
b cbc
c orignew
d 1
e ecip
f 20
g y-gencatlg
942 ## - ADDED ENTRY ELEMENTS (KOHA)
Source of classification or shelving scheme
Item type Books
Holdings
Withdrawn status Lost status Source of classification or shelving scheme Damaged status Not for loan Collection code Permanent location Current location Shelving location Date acquired Total Checkouts Full call number Barcode Date last seen Price effective from Koha item type
          Koleksioni i përgjithshem UBT - Lipjan UBT - Lipjan Koleksioni i përgjithshem 01/09/2018   612.76 HAM 002-2995252 01/09/2018 01/09/2018 Books
UBT Library © 2015-2024. All rights reserved University Education for Business and Technology